000 00357nam a2200157Ia 4500
008 210210b1927 xxu||||| |||| 00| 0 eng d
041 _aeng
082 _a829/527
100 _aHARDY (T)
245 _aChanged man
260 _aLondon
_bMacmillan & Co. Ltd.
_c1927
650 _aman
650 _aChanged
690 _aEnglish Fiction
906 _a017127
999 _c137085
_d137085